000 00349nam a2200145Ia 4500
008 210210b1983 xxu||||| |||| 00| 0 eng d
082 _a613 AGAE
100 _aAGARWAL (M S).
245 _aEveryday Eyecare.
260 _aDelhi
_bOrient paperbacks,
_c1983
300 _a168
650 _aEyecare
690 _aMedical Science
906 _aSG01882
999 _c113163
_d113163